000
00205 a2200097 4500
001
47604
100
_a
Wavell A
245
_a
Speaking generally
260
_a
London
_b
Macmillan
_c
090
_c
30617
_d
30617
942
_a
NUST-CAE
_c
M
_c
22911
999
_c
282677
_d
282677